Missing Word: 'D' Things Quiz Stats

 Plays Quiz Updated Jun 1, 2016

Challenge
Share
Tweet
Embed
Score 0/20 Timer 02:00
0 Plays Today
Title Missing Words % Correct
The Walking _____Dead
98.9%
Moby _____Dick
98.8%
The _____ Knight RisesDark
97.9%
_____ DancingDirty
97.4%
Who Let the _____ Out?Dogs
97.3%
_____ CopperfieldDavid
97.1%
_____ of a Wimpy KidDiary
96.9%
The _____ of HazzardDukes
95.8%
Arrested _____Development
94.5%
_____ LeppardDef
92.4%
Title Missing Words % Correct
Rainy _____ Women #12 & 35Day
90.4%
_____ WhoDoctor
85.6%
The Mighty _____Ducks
85.1%
When _____ CryDoves
80.6%
As I Lay _____Dying
79.6%
_____ LiaisonsDangerous
76%
_____ IndemnityDouble
75.8%
The _____ ComedyDivine
66.6%
_____ in the WindDust
59.9%
True _____Detective
57.3%

Today's Daily Dose

You're not logged in!

Compare scores with friends on all Sporcle quizzes.
Join for Free
OR
Log In

You Might Also Like...

Show Comments

Extras

Top Quizzes Today


Score Distribution

Your Account Isn't Verified!

In order to create a playlist on Sporcle, you need to verify the email address you used during registration. Go to your Sporcle Settings to finish the process.

Report this User

Report this user for behavior that violates our Community Guidelines.

Details: